000
00284nam a2200145Ia 4500
100
_a
Sucec/ James
942
_c
RB
654
_a
Heat
245
_a
Heat transfer
260
_b
Jaico Pub
_a
Bombay
_c
1994
082
_a
621.4022
300
_a
853
546
_a
ENGLISH
999
_c
34737
_d
34737